| 000 | 00598nam a22002057a 4500 | ||
|---|---|---|---|
| 003 | OSt | ||
| 005 | 20180926183641.0 | ||
| 008 | 180926b xxu||||| |||| 00| 0 eng d | ||
| 020 | _a9780702042911 | ||
| 040 | _cDNLM | ||
| 082 | _aQV704 A51m 2013 | ||
| 100 |
_aEdited by Aulton, Michael E.; Taylor Kevin M.G. _912682 |
||
| 245 | _aAulton's Pharmaceutics: the design and manufacture of medicine | ||
| 250 | _a4th ed. | ||
| 260 | _aEdinburgh; Churchill, 2013 | ||
| 300 | _axiii,894p; col.ill: 25cm | ||
| 504 | _aReferences, & index included | ||
| 650 |
_aPharmaceutics _91575 |
||
| 942 |
_2z _cSLOAN |
||
| 999 |
_c6135 _d6135 |
||